000 002790000a22000970004500
100 1 _aEenigenburg, Don
245 1 0 _aThe pros and cons of islamicized contextualization
300 _aVol. 33, Núm 3 (1997), Páginas 310-315
773 0 _tEvangelical Missions Quarterly
942 _cANA
999 _c58229
_d58229